| 000 | 01643cam a2200373Ii 4500 | ||
|---|---|---|---|
| 003 | EG-ScBUE | ||
| 005 | 20220302142327.0 | ||
| 008 | 190318t2019 sz a f b 000 0 eng d | ||
| 020 | _a9783030170677 | ||
| 040 |
_aYDX _beng _erda _cYDX _dYDXIT _dOCLCF _dWAU _dEG-ScBUE |
||
| 082 | 0 | 4 |
_a620.00151 _222 _bPOT |
| 100 | 1 |
_aPotter, Merle C., _eauthor. |
|
| 245 | 1 | 0 |
_aAdvanced engineering mathematics / _cMerle C. Potter, Jack L. Lessing, Edward F. Aboufadel. |
| 250 | _aFourth edition. | ||
| 264 | 1 |
_aCham : _bSpringer, _c[2019] |
|
| 264 | 4 | _c©2019 | |
| 300 |
_axiv, 739 pages : _bgraphes, tables ; _c27 cm |
||
| 336 |
_atext _btxt _2rdacontent |
||
| 337 |
_aunmediated _bn _2rdamedia |
||
| 338 |
_avolume _bnc _2rdacarrier |
||
| 504 | _aIncludes bibliographical references. | ||
| 505 | 0 | _aOrdinary differential equations -- Series method -- Laplace transforms -- The theory of Matrices -- Matrix applications -- Vector analysis -- Fourier series -- Partial differential equations -- Numerical methods -- Complex variables -- Wavelets. | |
| 650 | 7 |
_aEngineering mathematics. _2BUEsh |
|
| 650 | 7 |
_aFunctions of complex variables. _2BUEsh _934488 |
|
| 650 | 7 |
_aVector analysis. _2BUEsh _941260 |
|
| 650 | 7 |
_aFourier series. _2BUEsh |
|
| 653 |
_bGGEN _cFebruary2022 |
||
| 655 |
_vReading book _934232 |
||
| 700 | 1 |
_aLessing, Jack L., _eauthor. _938421 |
|
| 700 | 1 |
_aAboufadel, Edward, _d1965- _eauthor. |
|
| 942 |
_2ddc _cBB |
||
| 949 |
_tNONCIRC _l_ULDEMAND _mI-UNIVLIB _o.PUBLIC. Books on Demand service for IUPUI University Library users only _o.PUBLIC. Click the “Get this for IUPUI” button to submit a request. |
||
| 999 |
_c29825 _d29796 |
||